Entrepreneurship and Small Business Management in the Hospitality Industry (Record no. 8201)
[ view plain ]
| 000 -LEADER | |
|---|---|
| fixed length control field | 01326cam a22002054a 4500 |
| 005 - ΗΜΕΡΟΜΗΝΙΑ ΚΑΙ ΩΡΑ ΤΕΛΕΥΤΑΙΑΣ ΕΝΗΜΕΡΩΣΗΣ | |
| Πεδίο ελέγχου | 20250605164329.0 |
| 008 - FIXED-LENGTH DATA ELEMENTS--GENERAL INFORMATION | |
| Πεδίο ελέγχου σταθερού μήκους | 250528s ||||||||||||||||||||||||d |
| 035 ## - SYSTEM CONTROL NUMBER | |
| System control number | 23171 |
| 020 ## - ISBN | |
| ISBN | 9780750684484 |
| 040 ## - ΠΗΓΗ ΚΑΤΑΛΟΓΟΓΡΑΦΗΣΗΣ | |
| Φορέας πρωτότυπης καταλογογράφησης | MC Athens Campus Library |
| Γλώσσα καταλογογράφησης | Ελληνικά, Μοντέρνα (1453-) |
| Modifying agency | MC Athens Campus Library |
| Κανόνες περιγραφικής καταλογογράφησης | AACR2 |
| 245 1# - ΤΙΤΛΟΣ ΚΑΙ ΔΗΛΩΣΗ ΥΠΕΥΘΥΝΟΤΗΤΑΣ | |
| Τίτλος | Entrepreneurship and Small Business Management in the Hospitality Industry |
| 260 ## - PUBLICATION, DISTRIBUTION, ETC. | |
| Name of publisher, distributor, etc. | Elsevier - Butterworth Heinemann, |
| Date of publication, distribution, etc. | 2009 |
| 300 ## - PHYSICAL DESCRIPTION | |
| Extent | 294 |
| 520 ## - SUMMARY, ETC. | |
| Summary, etc. | This book takes an intuitive step - by - step progression through each stage of the entrepreneurial process: context, theoretical perspectives and definitions; Concept to reality; The business plan; Growth and the future. Context and Theoretical Perspectives and Definitions, Indigenous and Ethnic Entrepreneurship: A Cultural Perspective, Entrepreneurs and Small Firm Ownership, Creativity and the Entrepreneurship, Innovation and Opportunity and Protection, The Feasibility Analysis, The Family Business: Who's to Bless and Who's to Blame?, Hospitality and Commercial Homes and Entrepreneurship, Preparing a Business Plan, Leadership and the Entrepreneur: ''I'm Right Behind You Leading the Way'', Growth: The Harder I Work the Luckier I Get, References, Index. |
| 700 1# - ΠΡΟΣΘΕΤΗ ΑΝΑΓΡΑΦΗ--ΦΥΣΙΚΟ ΠΡΟΣΩΠΟ | |
| Personal name | Lashley Conrad |
| 9 (RLIN) | 8746 |
| 700 1# - ΠΡΟΣΘΕΤΗ ΑΝΑΓΡΑΦΗ--ΦΥΣΙΚΟ ΠΡΟΣΩΠΟ | |
| Personal name | Lee-Ross Darren |
| 9 (RLIN) | 8747 |
| 942 ## - ADDED ENTRY ELEMENTS (KOHA) | |
| Koha item type | Books |
| Τύπος τεκμηρίου | Βιβλιοθήκη | Τρέχουσα τοποθεσία | Barcode | Αριθμός εισαγωγής | Ημερομηνία απόκτησης | Ταξιθετικό σύμβολο | Αριθμός αντιτύπου | Κατάσταση απόσυρσης | Κατάσταση χαμένου | Κατάσταση κατεστραμμένου | Μη δανεισμός | Σύνολο δανεισμών | Ημερομηνία τελευταίας εμφάνισης | Η τιμή ισχύει από |
|---|---|---|---|---|---|---|---|---|---|---|---|---|---|---|
| Books | MC Athens Campus Library | MC Athens Campus Library | 9780000082008 | 7675 | 05/06/2025 | 647.94068 LEE | 1 | 05/06/2025 | 05/06/2025 |